Journal of Industrial Engineering
Guardado en:
| Formato: | Seriadas |
|---|---|
| Lenguaje: | inglés |
| Publicado: |
New York
American Institute of Industrial Engineers
|
| Materias: | |
| Etiquetas: |
Sin Etiquetas, Sea el primero en etiquetar este registro!
|
MARC
| LEADER | 00000nas1a22000001 4500 | ||
|---|---|---|---|
| 001 | s121022 | ||
| 005 | 20230515101734.2 | ||
| 022 | |a 1045-0165 | ||
| 041 | 0 | |a eng | |
| 044 | |a US | ||
| 245 | 1 | 0 | |a Journal of Industrial Engineering |
| 264 | 1 | |a New York |b American Institute of Industrial Engineers | |
| 610 | 2 | 0 | |a inžinierstvo priemyselné |